LEADER 01028nam0-2200349li-450 001 990000253520203316 005 20180312154723.0 010 $a0-226-87033-2 035 $a0025352 035 $aUSA010025352 035 $a(ALEPH)000025352USA01 035 $a0025352 100 $a20001109d1989----km-y0itay0103----ba 101 0 $aeng 102 $aUS 200 1 $aGeneral relativity$fRobert M. Wald 210 $aChicago ; London$cThe University of Chicago Press$dcopyr. 1989 215 $aXIII, 491 p.$cill.$d24 cm 610 1 $arelativita' generale 676 $a53011$9Teoria della relativita' 700 1$aWald,$bRobert M.$040410 801 $aSistema bibliotecario di Ateneo dell' Università di Salerno$gRICA 912 $a990000253520203316 951 $a530.11 WAL$b0011622 959 $aBK 969 $aSCI 979 $c19900403 979 $c20001110$lUSA01$h1715 979 $c20020403$lUSA01$h1633 979 $aPATRY$b90$c20040406$lUSA01$h1618 996 $aGeneral relativity$9187292 997 $aUNISA LEADER 01066nam a22002651i 4500 001 991002265579707536 005 20250730145138.0 008 040407s1959 it a||||||||||||||||ita 035 $ab12896317-39ule_inst 035 $aARCHE-087593$9ExL 040 $aDip.to Scienze Storiche$bita$cA.t.i. Arché s.c.r.l. Pandora Sicilia s.r.l. 082 04$a930.1028 082 04$a526.98709457 100 1 $aSchmiedt, Giulio$0207123 245 10$aCaulonia e Metaponto :$bapplicazioni della fotografia aerea in ricerche di topografia antica nella Magna Grecia /$cG. Schmiedt, R. Chevallier 260 $aFirenze :$bCoi Tipi dell'Istituto geografico militare,$c1959 300 $a63 p. :$bill. ;$c24 cm 650 4$aAerofotogrammetria 700 1 $aChevallier, Raymond 907 $a.b12896317$b02-04-14$c16-04-04 912 $a991002265579707536 945 $aLE009 GEOG.11-50$g1$i2009000345218$lle009$o-$pE0.00$q-$rn$so$t0$u1$v0$w1$x0$y.i13461011$z16-04-04 996 $aCaulonia e Metaponto$9280181 997 $aUNISALENTO 998 $ale009$b16-04-04$cm$da$e-$fita$git$h0$i1